ბათუმის შოთა რუსთაველის სახელმწიფო უნივერსიტეტის ბიბლიოთეკა

Грузинский этнос в русской литературе / (ბიბ.ჩანაწერი № 52178)

000 -LEADER
fixed length control field 01006nam a2200241Ia 4500
001 - CONTROL NUMBER
control field 19186
003 - CONTROL NUMBER IDENTIFIER
control field GE_BSU
005 - DATE AND TIME OF LATEST TRANSACTION
control field 20210415105039.0
008 - FIXED-LENGTH DATA ELEMENTS--GENERAL INFORMATION
fixed length control field 181216s2014||||ge |||||||||||||| ||rus||
040 ## - CATALOGING SOURCE
Transcribing agency GE_BSU
041 ## - LANGUAGE CODE
Language code of text/sound track or separate title rus
080 ## - UNIVERSAL DECIMAL CLASSIFICATION NUMBER
Universal Decimal Classification number 82 Ш-19
100 ## - MAIN ENTRY--PERSONAL NAME
Personal name Шарадзе, Ирма
9 (RLIN) 10404
245 ## - TITLE STATEMENT
Title Грузинский этнос в русской литературе /
Statement of responsibility, etc. Ирма Шарадзе, Научн. руков. Н. Каджая. Батумский гос. ун-т им. Шота Руставели. Департамент славистики.
264 ## - PRODUCTION, PUBLICATION, DISTRIBUTION, MANUFACTURE, AND COPYRIGHT NOTICE
Place of production, publication, distribution, manufacture Батуми :
Name of producer, publisher, distributor, manufacturer Батумский гос. ун-т им. Ш. Руставели,
Date of production, publication, distribution, manufacture, or copyright notice 2014.
300 ## - PHYSICAL DESCRIPTION
Extent 129 стр.
Other physical details 30 см.
653 ## - INDEX TERM--UNCONTROLLED
keyword Грузинский этнос в русской литературе
653 ## - INDEX TERM--UNCONTROLLED
keyword Литературоведение
653 ## - INDEX TERM--UNCONTROLLED
keyword დისერტაცია
653 ## - INDEX TERM--UNCONTROLLED
keyword ლიტმცოდნეობა
653 ## - INDEX TERM--UNCONTROLLED
keyword Диссертация
942 ## - ADDED ENTRY ELEMENTS (KOHA)
Koha item type წიგნი
Source of classification or shelving scheme
ეგზემპლარები
Withdrawn status Lost status Source of classification or shelving scheme Damaged status Not for loan Permanent Location Current Location Date acquired Full call number Barcode Date last seen Copy number Price effective from Koha item type Public note
          ბათუმის შოთა რუსთაველის სახელმწიფო უნივერსიტეტის მთავარი ბიბლიოთეკა ბათუმის შოთა რუსთაველის სახელმწიფო უნივერსიტეტის მთავარი ბიბლიოთეკა 2018-12-17 82 Ш-19 200 დისერტ. 2018-12-17 200 2018-12-17 დისერტაცია